UBT Library

TEACHING AND LEARNING COMMUNICATION SKILLS IN MEDICINE (Record no. 60047)

000 -LEADER
fixed length control field 00357nam a22001457a 4500
008 - FIXED-LENGTH DATA ELEMENTS--GENERAL INFORMATION
fixed length control field 230626b ||||| |||| 00| 0 eng d
020 ## - INTERNATIONAL STANDARD BOOK NUMBER
International Standard Book Number 9781857756586
041 ## - LANGUAGE CODE
Language code of text/sound track or separate title eng
080 ## - UNIVERSAL DECIMAL CLASSIFICATION NUMBER
Edition identifier SECOND EDITION
Universal Decimal Classification number 61
082 ## - DEWEY DECIMAL CLASSIFICATION NUMBER
Classification number 61KUR
100 ## - Rafti
Rafti 4
101 ## - Shkurtesa
Shkurtesa MJP
245 ## - TITLE STATEMENT
Title TEACHING AND LEARNING COMMUNICATION SKILLS IN MEDICINE
Statement of responsibility, etc KURTZ S
942 ## - ADDED ENTRY ELEMENTS (KOHA)
Source of classification or shelving scheme
Item type Books
Holdings
Withdrawn status Lost status Source of classification or shelving scheme Damaged status Not for loan Collection code Permanent location Current location Date acquired Total Checkouts Full call number Barcode Date last seen Price effective from Koha item type
          Koleksioni i përgjithshem UBT - Lipjan UBT - Lipjan 06/26/2023   61KUR 002-800080686 06/26/2023 06/26/2023 Books
UBT Library © 2015-2024. All rights reserved University Education for Business and Technology